|
|
|
|
| LEADER |
01145nam a2200313 a 4500 |
| 001 |
17652 |
| 003 |
BD-DhAAL |
| 005 |
20140522101718.0 |
| 008 |
140522s1997 caua b 001 0 eng |
| 010 |
|
|
|a 96017516
|
| 020 |
|
|
|a 1559345799 (acidfree paper)
|
| 040 |
|
|
|a DLC
|c DLC
|d DLC
|d BD-DhAAL
|
| 041 |
|
|
|a eng
|
| 050 |
0 |
0 |
|a HQ1075
|b .R43 1997
|
| 082 |
0 |
0 |
|a 305.3
|2 20
|
| 245 |
0 |
0 |
|a Reconstructing gender :
|b a multicultural anthology /
|c [edited by] Estelle Disch.
|
| 260 |
|
|
|a Mountain View, Calif. :
|b Mayfield Pub. Co.,
|c c1997.
|
| 300 |
|
|
|a xxviii, 570, I-23 p. :
|b ill. ;
|c 24 cm.
|
| 504 |
|
|
|a Includes bibliographical references and indexes.
|
| 541 |
|
|
|e 17652
|
| 650 |
|
0 |
|a Sex role.
|9 4662
|
| 650 |
|
0 |
|a Masculinity.
|9 3642
|
| 650 |
|
0 |
|a Femininity.
|9 3638
|
| 650 |
|
0 |
|a Women
|x Psychology.
|9 482
|
| 650 |
|
0 |
|a Socialization.
|9 4663
|
| 700 |
1 |
|
|a Disch, Estelle.
|9 4664
|
| 942 |
|
|
|2 ddc
|c BK
|
| 999 |
|
|
|c 14372
|d 14372
|
| 952 |
|
|
|0 0
|1 0
|2 ddc
|4 0
|6 305_300000000000000_REC
|7 0
|9 24356
|a BRACUL
|b BRACUL
|c GEN
|d 2014-05-22
|l 2
|m 18
|o 305.3 REC
|p 3010017652
|r 2026-03-01
|s 2026-02-22
|t 1
|w 2014-05-22
|y BK
|x Transferred from ENH to Ayesha Abed library on 20/12/2023
|